| 000 | 00467nam a22001817a 4500 | ||
|---|---|---|---|
| 005 | 20250909161702.0 | ||
| 008 | 250909b |||||||| |||| 00| 0 eng d | ||
| 037 | _cTB | ||
| 040 |
_aCRL _cCRL |
||
| 041 |
_2ENG _aENG |
||
| 084 |
_a2:55 L4 _qCRL |
||
| 100 |
_aRanganathan, S.R. _9820836 |
||
| 245 | _aCataloguing practice | ||
| 260 | _c1974. | ||
| 650 | _2LIBRARY SCIENCE | ||
| 942 |
_2CC _cTB _h2:55 L4 _n0 |
||
| 999 |
_c1435279 _d1435279 |
||